Flyover Planet Quiz Stats

 Plays Quiz not verified by Sporcle

Support Sporcle.
Go Orange.
Score 0/90 Timer 07:00
0 Plays Today
% Correct
United States
97.9%
United States
97.9%
United States
97.9%
United States
97.9%
United States
97.9%
China
96.5%
China
96.5%
China
96.5%
China
96.5%
China
96.5%
China
96.5%
United Kingdom (Falkland Islands)
95%
United Kingdom
95%
United Kingdom
95%
United Kingdom
95%
United Kingdom
95%
United Kingdom
95%
Russia
94%
Russia
94%
Russia
94%
Russia
94%
Australia
92.5%
Australia
92.5%
Australia
92.5%
Australia
92.5%
Australia
92.5%
Brazil
92%
Brazil
92%
Brazil
92%
Brazil
92%
% Correct
Brazil
92%
Canada
91.6%
Canada
91.6%
South Africa
90%
South Africa
90%
France
90%
South Africa
90%
France
90%
South Africa
90%
South Africa
90%
Japan
86.3%
Ireland
83.9%
India
82.8%
Germany
82.1%
Mexico
81.4%
Mongolia
81.2%
Mongolia
81.2%
Mongolia
81.2%
Spain
79.6%
Indonesia
78.2%
Indonesia
78.2%
New Zealand (Cook Islands)
75.1%
Denmark
74.1%
Denmark
74.1%
Italy
72.7%
Sweden
71.3%
Finland
69.3%
Namibia
68.9%
Namibia
68.9%
Netherlands (Caribbean Netherlands)
68.4%
% Correct
Netherlands
68.4%
Poland
66.1%
Algeria
64.4%
Ukraine
63%
Botswana
62.9%
Botswana
62.9%
Democratic Republic of the Congo
62.7%
Morocco
62.7%
Niger
62.5%
Venezuela
61.6%
Chad
61.1%
Zimbabwe
59.8%
Angola
59.2%
Kazakhstan
58.3%
Libya
57.1%
Philippines
57.1%
Austria
55.5%
Zambia
55.4%
Tunisia
54.6%
Mozambique
54%
Central African Republic
52.8%
Belarus
51.6%
Bahamas
50%
Latvia
48.6%
Slovakia
46.1%
Bhutan
45.3%
Haiti
44.2%
Mauritania
37.4%
Tonga
34.3%
Bangladesh
33.7%

You're not logged in!

Compare scores with friends on all Sporcle quizzes.
OR
Log In

From the Vault

3-Star Movie Characters

by jvwald

Just because these actors only got three stars doesn't mean they're bad at their job.
Remove Ads.
Support Sporcle.
Get the best of Sporcle when you Go Orange. This ad-free experience offers more features, more stats, and more fun while also helping to support Sporcle. Thank you for becoming a member.

Show Comments

Extras

Top Quizzes Today


Score Distribution

Your Account Isn't Verified!

In order to create a playlist on Sporcle, you need to verify the email address you used during registration. Go to your Sporcle Settings to finish the process.

Report this User

Report this user for behavior that violates our Community Guidelines.

Details: